000 01097nam0a22003131 4500
001 RU\NLR\INFOCOMM_161\5000080062
005 20250613100009.0
035 _a(NLR Aleph) 009323210
090 _a9408482
_c9408482
100 _a20100908d1977 |||y0rusy50 ca
101 0 _aeng
_drus
102 _aRU
105 _aa ||||000|y
200 1 _aˆAn ‰effective bilocal lagrangian for two-dimensional QCD
_fD. Ebert, V. N. Pervushin
210 _aДубна
_d1977
215 _a18 с.
_cил.
_d21 см
225 1 _aСообщения Объединенного института ядерных исследований
_vЕ2-10730
300 _aРез. на рус. яз.
320 _aБиблиогр.: с. 18
606 _aЛагранжиан в квантовой хромодинамике
_2nlr_sh1
686 _aВ382.145
_2rubbk
700 1 _aEbert
_bD.
_4070
701 1 _9z02790
_aPervušin
_bV. N.
_gViktor Nikolaevič
_4070
790 1 _9z02701
_aPervushin
_bV. N.
_4070
801 1 _aRU
_bNLR
_c20100908
801 0 _aRU
_bNLR
_gPSBO
852 _aNLR
_jП11/2061
942 _cBOOK
980 _aNB